Bruce Springsteen Songs by Lyrics - Statistics

General Stats
  • This quiz has been taken 1,035 times
  • The average score is 10 of 20
Answer Stats
lyrics song % Correct
You can't start a fire / You can't start a fire without a spark Dancing in the Dark
96%
We gotta get out while we're young / `Cause tramps like us, baby we were ____ __ ___ Born to Run
92%
Got in a little hometown jam so they put a rifle in my hand / Sent me off to a foreign land to go and kill the yellow man Born in the USA
87%
Got a wife and kids in Baltimore, Jack / I went out for a ride and I never went back Hungry Heart
78%
Me and Mary we met in high school / When she was just seventeen The River
76%
Well there's a girl that lives up the block / Back in school she could turn all the boy's heads Glory Days
74%
I just want someone to talk to / And a little of that human touch Human Touch
71%
At night I wake up with the sheets soaking wet / And a freight train running through the middle of my head I'm on Fire
70%
In '65 tension was running high / At my high school My Hometown
54%
I was unrecognizable to myself / I saw my reflection in a window, I didn't know my own face Streets of Philadelphia
53%
We drove down from New York City / Where the girls are pretty but they just want to know your name Darlington County
42%
I'm sick and tired of you setting me up / Setting me up just to knock-a knock-a knock-a me down I'm Goin' Down
41%
She'll let you in her mouth / If the words you say are right Secret Garden
35%
Well Papa, go to bed now, it's getting late / Nothin’ we can say is gonna change anything now Independence Day
34%
This whole world is out there just trying to score / I've seen enough I don't want to see any more Cover Me
32%
I work for the county out on 95 / All day I hold a red flag and watch the traffic pass me by Working on the Highway
32%
Then the lights go out and it's just the three of us / You me and all that stuff we're so scared of Tunnel of Love
24%
We've given each other some hard lessons lately / But we ain't learnin' One Step Up
16%
I was spinnin' 'round a dead dial / Just another lost number in a file Radio Nowhere
16%
You shouted "jump" but my heart faltered / You laughed and said "Baby don't you understand?" Leap of Faith
6%
No matching quizzes found
Score Distribution
Percent of People with Each Score
Percentile by Number Answered
Your Score History
You have not taken this quiz